[Event "Dreszer mem"]
[Site "Gdynia"]
[Date "1987.??.??"]
[Round "3"]
[White "Szymczak, Zbigniew"]
[Black "Tomaszewski, Roman"]
[Result "1/2-1/2"]
[WhiteElo "2390"]
[BlackElo "2380"]

1.d4 Nf6 2.c4 g6 3.Nc3 Bg7 4.e4 d6 5.Be2 O-O 6.Nf3 e5 7.dxe5 dxe5 8.Qxd8 Rxd8
9.Bg5 Re8 10.Nd5 Nxd5 11.cxd5 c6 12.Bc4 b5 13.Bb3 Bb7 14.Rc1  1/2-1/2

[Event "Dreszer mem"]
[Site "Gdynia"]
[Date "1987.??.??"]
[Round "4"]
[White "Piechocki, Franciszek"]
[Black "Figiel, Marek"]
[Result "0-1"]
[WhiteElo "2275"]
[BlackElo "2230"]

1.d4 Nf6 2.Nf3 g6 3.c4 Bg7 4.Nc3 d6 5.e4 Nbd7 6.Be2 e5 7.O-O O-O 8.Bg5 h6
9.Bh4 c6 10.Qd2 Re8 11.Rad1 Qb6 12.d5 c5 13.Ne1 g5 14.Bg3 Nf8 15.f3 Ng6 16.Bf2 Nf4
17.Be3 Kh7 18.Nd3 Qd8 19.Rb1 Rg8 20.Nf2 h5 21.g3 Bh6 22.Kh1 a6 23.Rg1 Qe7
24.Bf1 Ne8 25.Qc1 Ng6 26.h4 f6 27.Nh3 Nh8 28.b3 Nf7 29.hxg5 fxg5 30.Nf2 Ng7
31.Bd3 Qf6 32.Qd1 Bd7 33.Rg2 g4 34.f4 Raf8 35.Qd2 Qe7 36.f5 Bxe3 37.Qxe3 Rh8
38.Rh2 Kg8 39.Kg2 Ng5 40.Be2 Nf3 41.Bxf3 gxf3+ 42.Qxf3 Qg5 43.Nh3 Qh6 44.Rf1 Ne8
45.Nf2 Nf6 46.Ncd1 Kf7 47.Rfh1 Rfg8 48.Ne3 Rg5 49.g4 Qg7 50.Nh3 Rxg4+ 51.Kf1 Rg3
52.Qe2 Nxe4 53.Nf2 Nf6 54.Rg2 Rxg2 55.Nxg2 Rg8 56.Qf3 Qg5 57.Ne3 e4 58.Qh3 Rg7
59.Ke2 Qf4 60.Nfd1 Rg3 61.Qh4 Rf3 62.Qxf4 Rxf4 63.Nf2 Bxf5 64.Nxf5 Rxf5 65.Rh4 Kg6
66.Nxe4 Re5 67.Kf3 Rxe4 68.Rxe4 Nxe4 69.Kxe4 Kg5 70.Kf3 a5 71.a3 h4 72.Kg2  0-1

[Event "POL-ch sf"]
[Site "Gdynia"]
[Date "1987.??.??"]
[Round "10"]
[White "Czerwonski, Aleksander"]
[Black "Maciejewski, Miroslaw"]
[Result "0-1"]
[WhiteElo "2315"]
[BlackElo "2285"]

1.d4 Nf6 2.c4 g6 3.Nc3 Bg7 4.e4 d6 5.Be2 O-O 6.Nf3 e5 7.dxe5 dxe5 8.Qxd8 Rxd8
9.Bg5 c6 10.Nxe5 Re8 11.O-O-O Na6 12.Nf3 Bg4 13.Be3 Nxe4 14.Nxe4 Rxe4 15.h3 Bxf3
16.gxf3 Re7 17.Rd2 Nc7 18.Rhd1 Ne6 19.Rd7 Kf8 20.Rxe7 Kxe7 21.Rd3 c5 22.f4 Bh6
23.Bf3 Rb8 24.f5 Bxe3+ 25.fxe3 gxf5 26.Rd5 f4 27.exf4 Nxf4 28.Rf5 Ne6 29.Bd5 b6
30.Kd2 Rg8 31.Rh5 Nf4 32.Rxh7 Nxd5 33.cxd5 Rg5 34.d6+ Ke6 35.Rh6+ Rg6 36.Rh7 Rf6
37.a3 Kxd6 38.b4 Rf2+ 39.Kc3 Rf3+ 40.Kc4 Rf4+ 41.Kc3 Rf3+ 42.Kc4 Rf4+ 43.Kc3 cxb4+
44.axb4 Kc6 45.Rh5 f5 46.Rh7 a6 47.Re7 Kb5 48.Re5+ Ka4 49.b5 Rf3+ 50.Kb2 axb5
51.h4 Rf2+ 52.Kb1 b4 53.Re3 f4 54.Rh3 f3 55.h5 b3 56.h6 Ka3 57.Rh1 Rg2  0-1

[Event "NRW-Liga I"]
[Site "Germany"]
[Date "1987.??.??"]
[Round "?"]
[White "Schuetz, Thomas"]
[Black "Werner, Dimo"]
[Result "0-1"]
[WhiteElo "2285"]
[BlackElo "2370"]

1.d4 Nf6 2.Nf3 g6 3.c4 Bg7 4.Nc3 O-O 5.e4 d6 6.Be2 e5 7.d5 Nbd7 8.Bg5 h6
9.Bh4 g5 10.Bg3 Nh5 11.h4 Nxg3 12.fxg3 g4 13.Nd2 h5 14.O-O Bh6 15.Bd3 c6
16.Kh2 Nc5 17.Bc2 a5 18.Qe2 a4 19.Rab1 Kg7 20.Nd1 Qb6 21.Rf2 Bd7 22.Nc3 Qb4
23.a3 Qb6 24.Nf1 f6 25.dxc6 bxc6 26.Ne3 Nb3 27.Nf5+ Bxf5 28.Rxf5 Nd4 29.Qf2 Qa7
30.Rxh5 Nf3+  0-1

[Event "Baden/Wuert-NordD"]
[Site "Germany"]
[Date "1987.??.??"]
[Round "1"]
[White "Sieglen, Joachim"]
[Black "Meyer, Claus Dieter"]
[Result "1/2-1/2"]
[WhiteElo "2350"]
[BlackElo "2335"]

1.d4 Nf6 2.c4 d6 3.Nc3 e5 4.Nf3 Nbd7 5.e4 g6 6.Be2 Bg7 7.O-O O-O 8.Re1 a5
9.Bf1 c6 10.Rb1 Re8 11.d5 Nc5 12.b3 Bd7 13.dxc6 Bxc6 14.Qc2 Rc8 15.a3 b5
16.Bg5 b4 17.axb4 axb4 18.Bxf6 Bxf6 19.Nd5 Bxd5 20.cxd5 Na4 21.Bc4 Nc3 22.Ra1 Ra8
23.Bd3 Qb6 24.Qb2 Qc5 25.Rxa8 Rxa8 26.Ra1 Ra3 27.Ne1 Kg7 28.Nc2 Ra5 29.Rxa5 Qxa5
30.Qa1 Qc5 31.g3 Bd8 32.Qe1 Bb6 33.Kg2 f5 34.f3 fxe4 35.fxe4 Qa5 36.Qa1 Qc5
37.Qe1 h5 38.Kf3 Qa5 39.g4 hxg4+ 40.Kxg4 Bc5 41.Kf3 Qd8 42.Qg3 Qh8 43.h4 Qh6
44.Qg5 Qxg5 45.hxg5  1/2-1/2

[Event "Graz op"]
[Site "Graz"]
[Date "1987.??.??"]
[Round "9"]
[White "Cebalo, Miso"]
[Black "Voiska, Margarita"]
[Result "1-0"]
[WhiteElo "2500"]
[BlackElo "2350"]

1.d4 Nf6 2.Nf3 g6 3.c4 Bg7 4.Nc3 O-O 5.e4 d6 6.Be2 Nbd7 7.O-O e5 8.Qc2 exd4
9.Nxd4 Re8 10.Be3 c6 11.Rad1 Qe7 12.f3 Nh5 13.Qd2 Ne5 14.b3 Nd7 15.Nc2 Nc5
16.g4 Be5 17.Rf2 Nf6 18.b4 Ne6 19.Bf1 Nd7 20.Ne2 Nb6 21.Ned4 Nxd4 22.Nxd4 Nd7
23.Nb3 Nf8 24.g5 d5 25.cxd5 cxd5 26.Bc5 Qc7 27.f4 Bg7 28.exd5 Bg4 29.Rc1 Qd7
30.Bg2 Bh3 31.Bf3 Bg4 32.Qd1 Bxf3 33.Qxf3 b6 34.Bd4 Rad8 35.Bxg7 Kxg7 36.Rd2 Qf5
37.d6 Ne6 38.Nd4 Nxd4 39.Rxd4 h6 40.Rd5 Qe6 41.gxh6+ Kxh6 42.d7 Re7 43.f5 Qf6
44.Rcd1 Kg7 45.Qg2 Re5 46.fxg6 Rxd5 47.Qxd5 fxg6 48.b5 Qf5 49.Qxf5 gxf5 50.Kf2 Kf6
51.Kf3 Ke5  1-0

[Event "DSV-Turnier"]
[Site "Halle"]
[Date "1987.??.??"]
[Round "?"]
[White "Boensch, Uwe"]
[Black "Vogt, Lothar"]
[Result "1/2-1/2"]
[WhiteElo "2530"]
[BlackElo "2460"]

1.d4 Nf6 2.c4 g6 3.Nc3 Bg7 4.e4 d6 5.Be2 O-O 6.Nf3 e5 7.Be3 h6 8.h3 exd4
9.Nxd4 Re8 10.Qc2 Qe7 11.Bf3 c5 12.Nb3 Nc6 13.O-O Be6 14.Be2 Kh7 15.Rfe1 Nd7
16.Rad1 Nb6 17.Bf4 Rad8 18.Qd2 Bxc4 19.Bxd6 Qh4 20.Bg4 Be5 21.g3 Qf6 22.Bxe5 Nxe5
23.Qe3 h5 24.Rxd8 Rxd8 25.Bd1 Rd3 26.Qf4 Qxf4 27.gxf4 Bxb3 28.axb3 Nc6 29.Re3 Rd2
30.Re2 Rd3 31.Re3 Nb4 32.e5 Kg7 33.Bf3 Rd7 34.e6 fxe6 35.Rxe6 Nd3 36.f5 gxf5
37.Nb5 Nf4 38.Re5 Rd3 39.Re3 Nxh3+ 40.Kg2 Nf4+ 41.Kg3 Rxe3 42.fxe3 Nfd5 43.Kf2 Kg6
44.Nxa7 h4 45.Nb5 Nb4 46.Nd6 Nd3+ 47.Kg1 Nc1 48.Nxb7 Nxb3 49.Bd1 c4 50.Nd6 Kf6
51.Bc2 Ke5 52.Nxf5 Na1 53.Bb1 Na4 54.Nxh4 Nxb2  1/2-1/2

[Event "DSV-Turnier"]
[Site "Halle"]
[Date "1987.??.??"]
[Round "?"]
[White "Chekhov, Valery A"]
[Black "Vogt, Lothar"]
[Result "1-0"]
[WhiteElo "2505"]
[BlackElo "2460"]

1.d4 Nf6 2.c4 g6 3.Nc3 Bg7 4.e4 d6 5.Be2 O-O 6.Nf3 e5 7.O-O Nbd7 8.Be3 Qe7
9.Qc2 Re8 10.d5 Nh5 11.Nb5 Nc5 12.b4 Na6 13.Rab1 Nf4 14.Rfc1 Bg4 15.h3 Bh5
16.Bd1 Qf6 17.Kh2 g5 18.Ng1 Bxd1 19.Qxd1 Red8 20.g3 Ng6 21.Qf3 Qe7 22.c5 dxc5
23.bxc5 b6 24.d6 cxd6 25.cxd6 Qf6 26.Qxf6 Bxf6 27.Nf3 h6 28.Nd2 Nf8 29.Nb3 Ne6
30.Rc4 Rd7 31.Rbc1 Nac5 32.Bxc5 bxc5 33.Nxc5 Nxc5 34.Rxc5 a6 35.Nc7 Rad8
36.Rd5 Rb8 37.Nxa6 Rb6 38.Nc7 Rdxd6 39.Rxd6 Rxd6 40.Nd5 Bd8 41.a4 f5 42.f3 h5
43.g4 hxg4 44.hxg4 fxe4 45.fxe4 Kf7 46.Kg2 Ke6 47.Kf3 Kd7 48.Rd1 Kc8 49.Rc1+ Kd7
50.Ne3 Ra6 51.Rc4 Rb6 52.Rc3 Rb4 53.Rd3+ Ke8 54.Ra3 Ba5 55.Nd1 Kd7 56.Nf2 Ke6
57.Nd3 Rb1 58.Nc5+ Kd6 59.Rb3 Rxb3+ 60.Nxb3 Bb6 61.Ke2 Kc6  1-0

[Event "Hameln Voba"]
[Site "Hameln"]
[Date "1987.??.??"]
[Round "?"]
[White "Meyer, Peter"]
[Black "Apicella, Manuel"]
[Result "1-0"]
[WhiteElo "2300"]
[BlackElo "2295"]

1.d4 Nf6 2.Nf3 g6 3.c4 Bg7 4.Nc3 O-O 5.e4 d6 6.Be2 e5 7.O-O Nbd7 8.Re1 c6
9.Bf1 a5 10.Rb1 exd4 11.Nxd4 Re8 12.f3 d5 13.cxd5 Nxd5 14.exd5 Bxd4+ 15.Qxd4 Rxe1
16.Bh6 Re5 17.dxc6 Qb6 18.Qxb6 Nxb6 19.Rd1 f6 20.cxb7 Bxb7 21.Rd6 Nd5 22.Bc4 Rc8
23.Bxd5+ Bxd5 24.Nxd5 Rc2 25.h4 Kf7 26.Rxf6+ Ke8 27.Rf8+ Kd7 28.Nf6+ Ke7
29.Bg7 Rf5 30.Nxh7 Rc1+ 31.Kh2 Rh5 32.Bf6+ Kd7 33.Ng5 Rxh4+ 34.Kg3 Rhc4 35.Rd8+ Kc7
36.Ne6+ Kb7 37.Bc3 a4 38.Rd7+ Kb6 39.Rd4 Rc6 40.Rb4+ Ka5 41.Nd4  1-0

[Event "POL-chT"]
[Site "Jachranka"]
[Date "1987.??.??"]
[Round "3"]
[White "Ksieski, Zbigniew"]
[Black "Sarwinski, Miroslaw"]
[Result "0-1"]
[WhiteElo "2365"]
[BlackElo "2395"]

1.d4 Nf6 2.c4 g6 3.Nc3 Bg7 4.e4 d6 5.Nf3 O-O 6.Be2 e5 7.Be3 Ng4 8.Bg5 f6
9.Bh4 Nc6 10.O-O h5 11.h3 Nh6 12.dxe5 dxe5 13.Qd5+ Nf7 14.Rad1 Qe7 15.Qb5 Nd6
16.Qa4 Nd8 17.Nd5 Qf7 18.c5 Ne8 19.Nxe5 fxe5 20.Ne7+ Kh7 21.Rxd8 Nf6 22.Rxf8 Qxf8
23.Nxc8 Rxc8 24.Qxa7 Nxe4 25.Qxb7 Nxc5 26.Qd5 e4 27.b3 Re8 28.Rd1 e3 29.fxe3 Rxe3
30.Rf1 Qe8 31.Bc4 Ne6 32.Bf6 c6 33.Qd6 Bf8 34.Qd1 Nf4 35.Bg5 Nxh3+ 36.gxh3 Rg3+
37.Kh2 Rxg5 38.Rf7+ Bg7 39.Qd7 Qe5+ 40.Kh1 Qe4+  0-1

[Event "Kecskemet"]
[Site "Kecskemet"]
[Date "1987.??.??"]
[Round "?"]
[White "Groszpeter, Attila"]
[Black "Watson, William N"]
[Result "1-0"]
[WhiteElo "2505"]
[BlackElo "2500"]

1.d4 Nf6 2.c4 g6 3.Nc3 Bg7 4.e4 d6 5.Be2 O-O 6.Nf3 e5 7.Be3 Ng4 8.Bg5 f6
9.Bh4 Nc6 10.d5 Ne7 11.Nd2 Nh6 12.f3 c5 13.Rb1 g5 14.Bf2 f5 15.b4 b6 16.bxc5 bxc5
17.Qa4 g4 18.Bh4 Bf6 19.Bxf6 Rxf6 20.fxg4 fxg4 21.Rf1 Bd7 22.Qa6 Ng6 23.g3 Nf7
24.Rxf6 Qxf6 25.Qb7 Rd8 26.Qxa7 Nf4 27.Rb8 Ng2+ 28.Kd1 Rxb8 29.Qxb8+ Kg7
30.Qc7 Be8 31.Qc8 Kf8 32.Kc1 Qf2 33.Qxg4 Qd4 34.Ndb1 Ne3 35.Qc8 Ke7 36.Qe6+ Kf8
37.Qc8 Ng5 38.Bh5 Nxe4 39.Qxe8+ Kg7 40.Qf7+ Kh6 41.Qf8+ Kg5 42.Qg7+ Kxh5
43.Qxh7+ Kg5 44.Nxe4+ Kg4 45.Nbd2 Nxc4 46.Qg6+ Kh3 47.Qf5+ Kg2 48.Qf1+  1-0

[Event "Kecskemet"]
[Site "Kecskemet"]
[Date "1987.??.??"]
[Round "?"]
[White "Barbero, Gerardo F"]
[Black "Knaak, Rainer"]
[Result "1-0"]
[WhiteElo "2405"]
[BlackElo "2505"]

1.d4 Nf6 2.c4 d6 3.Nf3 g6 4.Nc3 Nbd7 5.e4 e5 6.Be2 Bg7 7.O-O O-O 8.Re1 c6
9.Bf1 exd4 10.Nxd4 Ng4 11.h3 Qb6 12.hxg4 Qxd4 13.Be3 Qe5 14.Qd2 Qe7 15.Rad1 Ne5
16.f3 Be6 17.b3 Rfd8 18.Ne2 d5 19.exd5 cxd5 20.c5 Nd7 21.b4 a5 22.a3 axb4
23.axb4 Ne5 24.Bd4 Nc4 25.Qc1 Bf6 26.Bxf6 Qxf6 27.Nd4 Ne5 28.g5 Qg7 29.Qf4 Nc6
30.Nxe6 fxe6 31.Rxe6 Qc3 32.b5 Qxc5+ 33.Kh2 Rf8 34.Rf6 Ne7 35.Rc1 Qf2 36.Bd3 Rae8
37.Rc2 Qe1 38.Re2 Qd1 39.Qe3 Nf5 40.Qxe8 Rxe8 41.Rxe8+ Kg7 42.Bxf5  1-0

[Event "URS-FL"]
[Site "Kursk"]
[Date "1987.??.??"]
[Round "?"]
[White "Khasin, Alexander"]
[Black "Gleizerov, Evgeny"]
[Result "1/2-1/2"]
[WhiteElo "2410"]
[BlackElo "2405"]

1.c4 Nf6 2.Nf3 g6 3.d4 Bg7 4.Nc3 d6 5.e4 O-O 6.Be2 e5 7.dxe5 dxe5 8.Qxd8 Rxd8
9.Bg5 Nbd7 10.O-O-O Rf8 11.Nd5 c6 12.Ne7+ Kh8 13.Be3 Re8 14.Nxc8 Rexc8 15.Ng5 Kg8
16.Bg4 Rd8 17.Bxd7 Nxd7 18.f3 Bf8  1/2-1/2

[Event "Lugano op"]
[Site "Lugano"]
[Date "1987.??.??"]
[Round "?"]
[White "Franco Ocampo, Zenon"]
[Black "Fercec, A."]
[Result "1-0"]
[WhiteElo "2440"]
[BlackElo "2345"]

1.d4 Nf6 2.Nf3 g6 3.c4 Bg7 4.Nc3 O-O 5.e4 d6 6.Be2 e5 7.d5 a5 8.Bg5 h6 9.Bh4 g5
10.Bg3 Nh5 11.Nd2 Nf4 12.O-O Na6 13.Bg4 Nc5 14.f3 h5 15.Bxc8 Qxc8 16.Kh1 Ncd3
17.Qb1 Bh6 18.Bxf4 Nxf4 19.Qc2 Kh8 20.Nd1 g4 21.Ne3 g3 22.Nf5 Rg8 23.hxg3 Ne2
24.Nxh6 Nxg3+ 25.Kg1 Rg6 26.Nf5 Qd8 27.Nxg3 Qh4 28.Rf2 Rxg3 29.Nf1  1-0

[Event "Lugano op"]
[Site "Lugano"]
[Date "1987.??.??"]
[Round "?"]
[White "Wedberg, Tom"]
[Black "Rivello, Roberto"]
[Result "1-0"]
[WhiteElo "2480"]
[BlackElo "2225"]

1.c4 g6 2.d4 Nf6 3.Nc3 Bg7 4.e4 d6 5.Nf3 O-O 6.Be2 e5 7.Be3 Ng4 8.Bg5 f6
9.Bh4 Nd7 10.Qc2 c6 11.Rd1 Qe7 12.O-O h5 13.Bg3 Rd8 14.b4 Nh6 15.c5 dxc5
16.bxc5 Nf7 17.Bc4 exd4 18.Bd6 Qe8 19.e5 Nxe5 20.Nxe5 fxe5 21.Qxg6 b5 22.Ne4  1-0

[Event "Malaga"]
[Site "Malaga"]
[Date "1987.??.??"]
[Round "?"]
[White "Cramling, Dan"]
[Black "Todorcevic, Miodrag"]
[Result "1-0"]
[WhiteElo "2420"]
[BlackElo "2455"]

1.d4 g6 2.e4 Bg7 3.c4 d6 4.Nc3 e5 5.Nf3 Nd7 6.Be2 Ngf6 7.O-O O-O 8.Be3 exd4
9.Nxd4 Re8 10.f3 c6 11.Bf2 a5 12.Qd2 a4 13.Nc2 Nc5 14.Rad1 Nfd7 15.Qxd6 Qb6
16.Rb1 Be5 17.Qd2 Qc7 18.g3 b6 19.Rfd1 Nf8 20.Nd4 h5 21.f4 Bg7 22.e5 Nfe6
23.Nf3 Bf8 24.b4 axb3 25.axb3 Rd8 26.Qe1 Rxd1 27.Qxd1 Ra3 28.Be1 Ng7 29.b4 Bf5
30.bxc5 Bxc5+ 31.Kg2 Bxb1 32.Qxb1 Nf5 33.Bd2 h4 34.Nxh4 Qd8 35.Nf3 Be3 36.Qc1 Bc5
37.Ne4 Ne3+ 38.Bxe3 Rxe3 39.Nf6+ Kg7 40.Kf1 Qa8 41.Qc2 Qa3 42.Kg2 Rb3 43.Qd1 Rb2
44.Kh3 Be7 45.Ng5 Qe3 46.Qd7 Qxe2 47.Ne6+ Kh6 48.Ng4+  1-0

[Event "Malaga"]
[Site "Malaga"]
[Date "1987.??.??"]
[Round "?"]
[White "Talavera, JC."]
[Black "Reyes, Juan"]
[Result "1/2-1/2"]
[WhiteElo "2385"]
[BlackElo "2430"]

1.d4 Nf6 2.c4 g6 3.Nc3 Bg7 4.e4 O-O 5.Nf3 d6 6.Be2 Nbd7 7.O-O e5 8.Re1 exd4
9.Nxd4 Re8 10.f3 c6 11.Be3 d5 12.cxd5 cxd5 13.Ndb5  1/2-1/2

[Event "Malaga"]
[Site "Malaga"]
[Date "1987.??.??"]
[Round "?"]
[White "Bellon Lopez, Juan Manuel"]
[Black "Reyes, Juan"]
[Result "1/2-1/2"]
[WhiteElo "2370"]
[BlackElo "2430"]

1.d4 Nf6 2.c4 d6 3.Nf3 g6 4.Nc3 Bg7 5.e4 O-O 6.Be2 Nbd7 7.O-O e5 8.Re1 a6
9.dxe5 dxe5 10.Qc2 c6 11.b3 Qe7 12.a4 a5 13.Ba3 Nc5 14.b4 axb4 15.Bxb4 b6
16.a5 bxa5 17.Ba3 Re8 18.Na4 Nfd7 19.Nd2 Bf8 20.Nb3 Nxb3 21.Bxe7 Nxa1 22.Rxa1 Bxe7
23.c5 Rb8 24.Bg4 Rb5 25.Rd1 Nf8 26.Bxc8 Rxc8 27.g3 Ne6 28.Rd7 Bxc5 29.Nxc5 Rxc5
30.Qb3 Rf8 31.Kg2 Rb5 32.Qc4 Nd4 33.Ra7 h5 34.Qa2 Rc5 35.Qa3 Rb5 36.Qd6 h4
37.Re7 hxg3 38.hxg3 Ne6 39.Qxc6 Rc5 40.Qb6 Rfc8 41.Ra7 Rd8 42.Kh3 Rd2 43.f3 Rd8
44.Kg4 Kf8 45.Rxa5 Rxa5 46.Qxa5 f6 47.f4 exf4 48.gxf4 Re8 49.Qa1 Kf7 50.Qa2 Kf8
51.f5 Ng5 52.Qa3+ Kg7 53.Qa7+ Kh6 54.Qb6 Rxe4+ 55.Kg3 Nh7 56.fxg6 Kxg6 57.Qb8 Ng5
58.Qg8+ Kf5  1/2-1/2

[Event "Malmo"]
[Site "Malmo"]
[Date "1987.??.??"]
[Round "?"]
[White "Schussler, Harry"]
[Black "Hebden, Mark"]
[Result "1/2-1/2"]
[WhiteElo "2490"]
[BlackElo "2515"]

1.Nf3 Nf6 2.c4 g6 3.Nc3 Bg7 4.d4 O-O 5.e4 d6 6.Be2 e5 7.Be3 Ng4 8.Bg5 f6
9.Bh4 Nc6 10.d5 Ne7 11.Nd2 Nh6 12.g4 Nf7 13.Qc2 Ng5 14.Bxg5 fxg5 15.Nf1 Kh8
16.Ne3 Ng8 17.O-O a5 18.Kg2 Nf6 19.h3 Nd7 20.a3 c5 21.Rab1 Bf6 22.Rfc1 Be7
23.Bd1 Rf4 24.Qd3 Qf8 25.f3 Bd8 26.Nf1 Rf7 27.Ba4 Nf6 28.Qe2 h5 29.Ne3 Rh7
30.Rh1 Ng8 31.Bb5 Bb6 32.Na4 Ba7 33.Rbf1 Qf4 34.Nc2 Qf8 35.Qd2 Qd8 36.Ne1 h4
37.Nd3 Bd7 38.Bxd7 Rxd7 39.Nc3 Rf7 40.Ra1 Bb6 41.Qc2 Nf6 42.Rhc1 Nd7 43.Na4 Kh7
44.Qb3 Qc7 45.Rc3 Raf8 46.Rac1 Ba7 47.Qc2 Nf6 48.Nf2 Qd7 49.Qb3 Ng8 50.Qb5 Qc7
51.Rb3 Kh6 52.Re1 Rb8 53.Ree3 Ne7 54.Nd1 Nc8 55.Rbd3 Qd8 56.Nac3 Bb6 57.Qa4 Ra8
58.Qc2 Bc7 59.Qb3 Rb8 60.Nb5 Qf6 61.Ndc3 Ra8 62.Qc2 Nb6 63.Ne2 a4 64.Rd1 Bd8
65.Rb1 Ra5 66.Rd3 Qe7 67.b4 axb3 68.Rdxb3 Ra6 69.Qd3 Nc8 70.Nbc3 Ra7 71.Nb5 Ra6
72.Nbc3 Ra7 73.Nb5 Ra8 74.Nbc3 Rb8 75.Nb5 Ba5 76.R1b2 Qd8 77.Qb1 Qf6 78.Qd3 Nb6
79.Rb1 Rbf8 80.Rf1 Qd8  1/2-1/2

[Event "Marseille"]
[Site "Marseille"]
[Date "1987.??.??"]
[Round "?"]
[White "Kouatly, Bachar"]
[Black "Todorcevic, Miodrag"]
[Result "1-0"]
[WhiteElo "2470"]
[BlackElo "2475"]

1.d4 g6 2.c4 Bg7 3.Nc3 d6 4.e4 Nd7 5.Nf3 e5 6.Be2 Ngf6 7.O-O O-O 8.Qc2 exd4
9.Nxd4 c6 10.Rd1 Qe7 11.Bg5 Re8 12.f3 h6 13.Bh4 Qf8 14.Qd2 Nh5 15.g4 Nhf6
16.Nc2 Re6 17.Nd4 Re8 18.Nc2 h5 19.h3 hxg4 20.hxg4 Re6 21.Nd4 Re5 22.Kg2 Ne8
23.f4 Ra5 24.Nb3 Ra6 25.Rh1 Rb6 26.Rh2 Rxb3 27.axb3 Nc5 28.Rah1 Nxb3 29.Qe3 Nd4
30.Bd1 b5 31.f5 b4 32.Ne2 Nxe2 33.Bxe2 d5 34.exd5 cxd5 35.Be7 d4 36.Rh8+ Bxh8
37.Rxh8+ Kxh8 38.Qh3+ Kg8 39.Bxf8 Kxf8 40.Qh8+ Ke7 41.Bf3  1-0

[Event "Moscow-B"]
[Site "Moscow"]
[Date "1987.??.??"]
[Round "?"]
[White "Zaichik, Gennadi"]
[Black "Garcia Martinez, Silvino"]
[Result "0-1"]
[WhiteElo "2500"]
[BlackElo "2455"]

1.Nf3 Nf6 2.c4 g6 3.Nc3 Bg7 4.e4 d6 5.d4 O-O 6.Be2 e5 7.O-O Nbd7 8.Re1 c6
9.Bf1 exd4 10.Nxd4 Ng4 11.Qxg4 Bxd4 12.Qd1 Qb6 13.Re2 a6 14.Be3 Bxe3 15.Rxe3 Qc5
16.Rd3 Ne5 17.Na4 Qxc4 18.Rd4 Qe6 19.Nb6 Rb8 20.Rxd6 Qe7 21.Qd2 Be6 22.f4 Ng4
23.Rd1 Nf6 24.Qd4 Bg4 25.Rxf6 Bxd1 26.Nd7 Bg4 27.Nxb8 Rd8 28.Nxc6 bxc6 29.Qc3 Qa7+
30.Kh1 Rd1 31.Qc4 Be6 32.Rxe6 fxe6 33.h3 Kf7 34.f5 Qf2 35.Qxe6+ Kg7 36.Qe7+ Kg8
37.Qe6+ Kg7 38.Qe7+ Kh6 39.Qe8 Kh5 40.g4+ Kh4 41.Qe7+ g5 42.Qxh7+ Kg3 43.Qc7+ Kf3  0-1

[Event "Moscow ch"]
[Site "Moscow"]
[Date "1987.??.??"]
[Round "?"]
[White "Naumkin, Igor"]
[Black "Kuzmin, Alexey"]
[Result "1-0"]
[WhiteElo "2445"]
[BlackElo "2440"]

1.d4 Nf6 2.c4 g6 3.Nc3 Bg7 4.e4 d6 5.Nf3 O-O 6.Be2 e5 7.d5 a5 8.Bg5 h6 9.Bh4 Na6
10.Nd2 Qe8 11.O-O Nh7 12.a3 Bd7 13.b3 h5 14.f3 Bh6 15.Rb1 Be3+ 16.Kh1 f5
17.exf5 gxf5 18.f4 exf4 19.Bxh5 Qe5 20.Ne2 Nc5 21.Nf3 Qg7 22.g3 fxg3 23.Nxg3 f4
24.Re1 Bh3 25.Rxe3 fxe3 26.Qe2 Bg4 27.Rg1 Bxf3+ 28.Bxf3 Kh8 29.Nf5 Qe5 30.Ne7 Rg8
31.Nxg8 Rxg8 32.Bg3 Qc3 33.Bf4 Rxg1+ 34.Kxg1 Nxb3 35.Qxe3 Qxe3+ 36.Bxe3 Kg7
37.Kf2 Nf6 38.Kg3 Nd7 39.Kf4 Ne5 40.Be2 Kf6 41.h4 Ng6+ 42.Kg3 c6 43.dxc6 bxc6
44.h5 Ne5 45.Kf4 a4 46.Ke4 Nf7 47.Bd1 Na5 48.Bd4+ Kg5 49.Be3+ Kf6 50.Bd4+ Kg5
51.Kd3 Ne5+ 52.Bxe5 dxe5 53.c5 Nb3 54.Kc4 e4 55.Kb4 e3 56.Kxa4 Nxc5+ 57.Kb4 Ne6
58.a4 Nd4 59.a5 e2 60.Bxe2 c5+ 61.Kc4  1-0

[Event "Moscow-B"]
[Site "Moscow"]
[Date "1987.??.??"]
[Round "?"]
[White "Belov, Igor"]
[Black "Casper, Thomas"]
[Result "1/2-1/2"]
[WhiteElo "2405"]
[BlackElo "2430"]

1.Nf3 Nf6 2.c4 g6 3.Nc3 Bg7 4.e4 d6 5.d4 O-O 6.Be2 Nbd7 7.O-O e5 8.Be3 c6
9.d5 cxd5 10.cxd5 Ng4 11.Bg5 f6 12.Bd2 Nh6 13.Rc1 a6 14.b4 Nf7 15.Qc2 Bh6
16.a4 Ng5 17.a5 Nxf3+ 18.Bxf3 Bxd2 19.Qxd2 Kh8 20.Be2 f5 21.exf5 Rxf5 22.Bd3 Rf8
23.Kh1 Qh4 24.Ne4 Nf6 25.Nxf6 Qxf6 26.Rc7 Rf7 27.Rxf7 Qxf7  1/2-1/2

[Event "Namestovo"]
[Site "Namestovo"]
[Date "1987.??.??"]
[Round "1"]
[White "Naumkin, Igor"]
[Black "Trapl, Jindrich"]
[Result "1-0"]
[WhiteElo "2470"]
[BlackElo "2415"]

1.d4 Nf6 2.c4 g6 3.Nc3 Bg7 4.e4 d6 5.Nf3 O-O 6.Be2 e5 7.d5 a5 8.Bg5 h6 9.Bh4 Na6
10.Nd2 Qe8 11.O-O Bd7 12.b3 Nh7 13.a3 h5 14.f3 Bh6 15.Kh1 Nc5 16.Rb1 f5 17.Qc2 Nf6
18.b4 axb4 19.axb4 Na4 20.Nb5 Rc8 21.Ra1 Nb6 22.Nc3 Be3 23.Nb3 g5 24.Be1 fxe4
25.Nxe4 Bf5 26.Qc3 Bd4 27.Nxd4 exd4 28.Qxd4 Nxe4 29.fxe4 Qxe4 30.Qd2 Kh7
31.Kg1 Nxc4 32.Qxg5 Qe3+ 33.Qxe3 Nxe3 34.Rf2 Nc2 35.Rxf5 Nxa1 36.Bd3 Kg8
37.Rg5+ Kf7 38.Bc3 Ra8 39.Rxh5 Ra2 40.Rh7+ Ke8 41.Rxc7 Nb3 42.Rxb7 Nc1 43.Bb5+ Kd8
44.Rd7+ Kc8 45.Rxd6 Rg8 46.g3 Ne2+ 47.Bxe2 Rxe2 48.Re6 Rc2 49.Rc6+ Kd7 50.b5 Re8
51.Be5 Rd2 52.Rd6+ Kc8 53.Re6 Rf8 54.Bf4 Rxd5 55.b6 Rb5 56.Kf2 Rb2+ 57.Ke3 Rxh2
58.Re7 Rb2 59.Rc7+ Kd8 60.Bg5+ Ke8 61.b7 Rb3+ 62.Ke4 Rb4+ 63.Kd5 Rf3 64.Bf4  1-0

[Event "Netanya op"]
[Site "Netanya"]
[Date "1987.??.??"]
[Round "7"]
[White "Lev, Ronen"]
[Black "Bosboom, Manuel"]
[Result "0-1"]
[WhiteElo "2405"]
[BlackElo "2365"]

1.d4 Nf6 2.c4 d6 3.Nc3 Nbd7 4.Nf3 e5 5.e4 g6 6.Be2 Bg7 7.O-O O-O 8.Re1 c6
9.Bf1 exd4 10.Nxd4 Ng4 11.Qxg4 Bxd4 12.Qd1 Qf6 13.Be3 Bxe3 14.Rxe3 Ne5 15.h3 Be6
16.b3 Rfd8 17.Qd2 h5 18.Rd1 h4 19.Ne2 g5 20.Rc3 Kh7 21.Qe3 c5 22.Rc2 Kg8
23.f3 Bd7 24.Nc3 Bc6 25.Rf2 Ng6 26.Rfd2 Re8 27.Nb5 Bxb5 28.cxb5 Nf4 29.Bc4 Re5
30.Bd5 Qe7 31.Kh1 Kg7 32.Qc3 Kh6 33.Qa5 b6 34.Qc3 Nh5 35.Rd3 Ng3+ 36.Kh2 Ne2
37.Qd2 Nf4 38.Rc3 Nxd5 39.exd5 Re2 40.Qd3 Qe5+ 41.Kg1 Re1+ 42.Rxe1 Qxe1+
43.Kh2 Re8 44.f4 gxf4 45.Qc4 Qg3+ 46.Rxg3 fxg3+ 47.Kg1 Re1+ 48.Qf1 Rxf1+
49.Kxf1 Kg5 50.Ke2 Kf4  0-1

[Event "New York op"]
[Site "New York"]
[Date "1987.??.??"]
[Round "?"]
[White "Schussler, Harry"]
[Black "Lenchner, J."]
[Result "1-0"]
[WhiteElo "2470"]
[BlackElo "2235"]

1.d4 Nf6 2.Nf3 g6 3.c4 Bg7 4.Nc3 O-O 5.e4 d6 6.Be2 e5 7.Be3 exd4 8.Nxd4 Re8
9.Qc2 Ng4 10.Bxg4 Bxg4 11.O-O Nc6 12.Qd2 Bd7 13.Rad1 Ne5 14.b3 Bc6 15.f3 a5
16.Qc1 Qe7 17.Rfe1 h5 18.h3 Kh7 19.Qd2 Qf8 20.Rf1 Bh6 21.Bxh6 Qxh6 22.f4 Nd7
23.e5 Nb8 24.exd6 cxd6 25.Nxc6 Nxc6 26.Nd5 Red8 27.g4 hxg4 28.hxg4 Qh3 29.Rf2 Qxg4+
30.Rg2 Qf3 31.Rf1 Nd4 32.Rh2+ Kg8  1-0

[Event "New York op"]
[Site "New York"]
[Date "1987.??.??"]
[Round "?"]
[White "Schoen, Wolfram"]
[Black "Schorr, Leon"]
[Result "1-0"]
[WhiteElo "2440"]
[BlackElo "2230"]

1.d4 Nf6 2.c4 d6 3.Nc3 Nbd7 4.e4 e5 5.Nf3 g6 6.Be2 Bg7 7.O-O O-O 8.Be3 Ng4
9.Bg5 f6 10.Bd2 f5 11.Bg5 Bf6 12.Bxf6 Ngxf6 13.exf5 gxf5 14.dxe5 Nxe5 15.c5 Nxf3+
16.Bxf3 dxc5 17.Qb3+ Kh8 18.Rad1 Nd7 19.Rfe1 c6 20.Na4 Qf6 21.Re6 Qg5 22.Qc3+ Qg7
23.Re7 Qxc3 24.bxc3 c4 25.Nb2 Nb6 26.Rd4 f4 27.Nxc4 Na4 28.Nd6 Nc5 29.Rc4 b6
30.Bxc6 Rb8 31.Bd5 Bd7 32.Nf7+ Kg7 33.Ne5+ Kf6 34.Nxd7+ Kxe7 35.Nxb8 Kd6
36.Bf3 Rxb8 37.Rxf4 Re8 38.Rd4+ Kc7 39.h4 Re1+ 40.Kh2 Rc1 41.Rf4 a5 42.Rf7+ Kb8
43.Rxh7 Rxc3 44.h5 Rd3 45.h6 Rd6 46.g4 Rg6 47.Rh8+ Kc7 48.g5 Ne6 49.h7 Nxg5
50.Rc8+ Kd6  1-0

[Event "New York op"]
[Site "New York"]
[Date "1987.??.??"]
[Round "?"]
[White "Andruet, Gilles"]
[Black "Lenchner, J."]
[Result "1-0"]
[WhiteElo "2405"]
[BlackElo "2235"]

1.d4 Nf6 2.c4 g6 3.Nc3 Bg7 4.e4 d6 5.Nf3 O-O 6.Be2 e5 7.O-O exd4 8.Nxd4 Re8
9.f3 c6 10.Kh1 d5 11.cxd5 cxd5 12.Bg5 h6 13.Bxf6 Qxf6 14.Ndb5 Na6 15.Nxd5 Qd8
16.Rc1 Bxb2 17.Rc2 Be5 18.f4 Bb8 19.Qa1 Re6 20.f5 Be5 21.fxe6 Bxa1 22.e7 Qe8
23.Rxa1 Nb4 24.Nf6+ Kh8 25.Nxe8 Nxc2 26.Rc1 Bd7 27.Nec7  1-0

[Event "NLD-chT"]
[Site "NLD"]
[Date "1987.??.??"]
[Round "?"]
[White "Grooten, Herman"]
[Black "Piket, Jeroen"]
[Result "1-0"]
[WhiteElo "2340"]
[BlackElo "2405"]

1.d4 Nf6 2.Nf3 g6 3.c4 Bg7 4.Nc3 O-O 5.e4 d6 6.Be2 e5 7.Be3 h6 8.dxe5 Ng4
9.Bf4 Nxe5 10.Qd2 Nxf3+ 11.Bxf3 Kh7 12.O-O Nc6 13.Be3 f5 14.Rad1 Qh4 15.g3 Ne5
16.Be2 Qh3 17.f3 Be6 18.b3 Rae8 19.Rf2 fxe4 20.Nxe4 Bf5 21.Nc3 Rf7 22.Nd5 Bc8
23.Bd4 c6 24.Nf4 Qf5 25.Bxe5 Bxe5 26.Ng2 c5 27.Nh4 Qh5 28.Bd3 Rg8 29.Be4 Rgg7
30.Re2 Qg5 31.Ng2 Rf6 32.Qd3 Bh3 33.Nh4 Rgf7 34.Bd5 Rf8 35.Bxb7 Kh8 36.Be4 Kg7
37.Rde1 Bd4+ 38.Kh1 Qh5 39.f4 g5 40.Bf3 g4 41.Re7+ R8f7 42.Bd5 Rxe7 43.Rxe7+ Kf8
44.Qh7 Qg5 45.Rf7+  1-0

[Event "NLD-chT"]
[Site "NLD"]
[Date "1987.??.??"]
[Round "?"]
[White "Ligterink, Gert"]
[Black "Pieterse, Gert"]
[Result "1-0"]
[WhiteElo "2470"]
[BlackElo "2290"]

1.d4 Nf6 2.c4 g6 3.Nc3 Bg7 4.e4 d6 5.Be2 O-O 6.Nf3 e5 7.d5 a5 8.Bg5 h6 9.Bh4 Na6
10.Nd2 Qe8 11.a3 Bd7 12.b3 Nh7 13.O-O h5 14.f3 Bf6 15.Bf2 Qe7 16.Rb1 Bh4
17.Bxh4 Qxh4 18.b4 axb4 19.axb4 Qg5 20.Kh1 h4 21.Qc2 Nf6 22.c5 Nh5 23.Rf2 Qe3
24.Kg1 dxc5 25.Nd1 Qd4 26.Nb3 Qxb4 27.Bxa6 Rxa6 28.Nxc5  1-0